| 000 | 00364nam a2200145Ia 4500 | ||
|---|---|---|---|
| 008 | 230312s9999||||xx |||||||||||||| ||und|| | ||
| 020 | _a0-8089-2431-9 | ||
| 082 |
_a612 _bBEN-C |
||
| 100 | _aBennettt;Peter.N | ||
| 245 | 0 | _aClinical Pharmacology | |
| 260 |
_bChurchill Livingstone _aChina _c2012 |
||
| 300 | _a667 | ||
| 650 |
_aMedical _vPharmacology |
||
| 942 | _cBK | ||
| 999 |
_c11059 _d11059 |
||